|
|
|
|
| LEADER |
00000nbm0a2200000 4500 |
| 001 |
173998 |
| 005 |
20231031164551.0 |
| 029 |
0 |
0 |
|a SU
|b 74030953
|f ТПУ
|
| 035 |
|
|
|a (RuTPU)RU\TPU\book\188688
|
| 090 |
|
|
|a 173998
|
| 100 |
|
|
|a 20100114d1974 k y0rusy50 ca
|
| 101 |
0 |
|
|a rus
|
| 102 |
|
|
|a RU
|
| 105 |
|
|
|a a p 001zy
|
| 200 |
1 |
|
|a Интенсификация процесса выпаривания каустической соды
|e отчет о НИР
|e тема: № 21/72
|f Томский политехнический институт (ТПИ) ; рук. В. И. Косинцев
|
| 210 |
|
|
|a Томск
|d 1974
|
| 215 |
|
|
|a 50 л.
|
| 320 |
|
|
|a Библиогр.: с. 36.
|
| 610 |
1 |
|
|a каустическая сода
|
| 610 |
1 |
|
|a выпаривание
|
| 610 |
1 |
|
|a сырье
|
| 610 |
1 |
|
|a электродные аппараты
|
| 610 |
1 |
|
|a греющие камеры
|
| 610 |
1 |
|
|a расчет
|
| 610 |
1 |
|
|a отчеты о НИР
|
| 610 |
1 |
|
|a труды учёных ТПУ
|
| 675 |
|
|
|a 661.3(04)
|v 3
|
| 702 |
|
1 |
|a Косинцев
|b В. И.
|c российский химик-технолог
|c профессор Томского политехнического университета, доктор технических наук
|f 1939-
|g Виктор Иванович
|2 stltpush
|3 (RuTPU)RU\TPU\pers\21969
|4 673
|
| 712 |
0 |
2 |
|a Томский политехнический институт (ТПИ)
|c (1944-1991)
|2 stltpush
|3 (RuTPU)RU\TPU\col\1123
|4 595
|
| 801 |
|
1 |
|a RU
|b 63413507
|c 20100114
|
| 801 |
|
2 |
|a RU
|b 63413507
|c 20200828
|g RCR
|
| 942 |
|
|
|c BK
|